Gul Hae Ranga Rang (Record no. 321820)
[ view plain ]
| 000 -LEADER | |
|---|---|
| fixed length control field | 00299 a2200121 4500 |
| 001 - CONTROL NUMBER | |
| control field | 86747 |
| 003 - CONTROL NUMBER IDENTIFIER | |
| control field | NUST |
| 005 - DATE AND TIME OF LATEST TRANSACTION | |
| control field | 20180123112900.0 |
| 008 - FIXED-LENGTH DATA ELEMENTS--GENERAL INFORMATION | |
| fixed length control field | 180123b xxu||||| |||| 00| 0 eng d |
| 082 ## - DEWEY DECIMAL CLASSIFICATION NUMBER | |
| Classification number | 891.4393 BAs |
| 100 ## - MAIN ENTRY--PERSONAL NAME | |
| Personal name | Ahmed Bashir |
| 9 (RLIN) | 9605 |
| 245 ## - TITLE STATEMENT | |
| Title | Gul Hae Ranga Rang |
| Medium | Urdu |
| 260 ## - PUBLICATION, DISTRIBUTION, ETC. | |
| Place of publication, distribution, etc. | Karachi |
| Name of publisher, distributor, etc. | Hoori Noorani Maktaba Danyal |
| Date of publication, distribution, etc. | 2010 |
| 300 ## - PHYSICAL DESCRIPTION | |
| Extent | 352p. |
| 942 ## - ADDED ENTRY ELEMENTS (KOHA) | |
| Institution code [OBSOLETE] | CAE NUST |
| Koha item type | Book |
| Call number prefix | 891.4393 BAS |
| Source of classification or shelving scheme | |
| Withdrawn status | Lost status | Damaged status | Not for loan | Collection code | Permanent Location | Current Location | Date acquired | Total Checkouts | Full call number | Barcode | Date last seen | Price effective from | Koha item type |
|---|---|---|---|---|---|---|---|---|---|---|---|---|---|
| College of Aeronautical Engineering (CAE) | College of Aeronautical Engineering (CAE) | 04/03/2017 | 891.4393 BAS | CAE85656 | 04/05/2017 | 04/05/2017 | Book |
